Guess The Fnaf Games! - Statistics

General Stats
  • This quiz has been taken 80 times
    31 since last reset
  • The average score is 9 of 29
Answer Stats
Hint Answer % Correct
Mainline game Five Nights At Freddy's
100%
Mainline game Five Nights At Freddy's 2
93%
Mainline game Five Nights At Freddy's 4
93%
Mainline game Five Nights At Freddy's 3
86%
Mainline game Sister Location
79%
Mainline game Help Wanted
57%
Game Five nights at Freddy's World
50%
Mainline game Security Breach
50%
Mainline game Help Wanted 2
43%
Mainline game Freddy Fazbear's Pizzeria Simulator
36%
Mainline DLC Security Breach: RUIN
36%
Game Ultimate Custom Night
29%
DLC Five Nights At Freddy's 4: Halloween Edition
21%
Game Freddy In Space 2
21%
Mainline game Secret of The Mimic
21%
Mainline DLC Sister Location - Custom Night
21%
Game Five nights at Freddy's World: Halloween Edition
14%
Mainline DLC Help Wanted: Curse of Dreadbear
14%
Mainline game Into The Pit
14%
Game AR: Special Delivery
7%
Game Five nights at Freddy's World: Update 2
7%
Troll Game Doofas
7%
Troll Game Fighter Mage bard
7%
Game Five Laps at Freddy's
7%
Game Freddy In Space 3: Chica In Space
7%
Game Security Breach: Fury's Rage
7%
Troll Game Sit 'N Survive
7%
Troll Game There is no pause button!
7%
DLC AR: Special Delivery: Dark Circus
0%
No matching quizzes found
Score Distribution
Percent of People with Each Score
Percentile by Number Answered
Your Score History
You have not taken this quiz since the last reset